Ukrajinská zahraničná politika po roku 2014 bakalárska práca

Gespeichert in:
Bibliographische Detailangaben
1. Verfasser: Feranecová, Laura
Körperschaft: Fakulta medzinárodných vzťahov EU. Katedra medzinárodných ekonomických vzťahov a hospodárskej diplomacie
Weitere Verfasser: Dziura, Boris, 1976-
Format: Buch
Sprache:Slowakisch
Veröffentlicht: Bratislava 2023
Tags: Tag hinzufügen
Keine Tags, Fügen Sie das erste Tag hinzu!

MARC

LEADER 00000nbm a2200000 4500
001 0293208
005 20240603142625.0
041 0 |a slo 
044 |a SK 
245 1 0 |a Ukrajinská zahraničná politika po roku 2014  |b bakalárska práca  |c Laura Feranecová ; školiteľ: Boris Dziura 
264 1 |a Bratislava  |c 2023 
300 |a 47 s. 
100 1 |a Feranecová, Laura 
700 1 |a Dziura, Boris, 1976- 
710 2 |a Fakulta medzinárodných vzťahov EU. Katedra medzinárodných ekonomických vzťahov a hospodárskej diplomacie